000 00609nam a2200229Ia 4500
003 OSt
005 20220926012104.0
006 a|||||r|||| 00| 0
007 ta
008 220923b |||||||| |||| 00| 0 eng d
037 _cGeneral Book
040 _aRTL
_cRTL
_beng
041 _2eng
_aeng
082 _aY:3(S5), K9/TD
100 _aMillett Kate
_9315474
245 0 _aSexual politics
260 _aNew York
_bAvon Books USA
_c1969
300 _a512p
_ccm.
500 _aBibliography : P 475-494
942 _hY:3(S5), K9/TD
_cGB
_2CC
999 _c621650
_d621650